000
00311nam a2200133Ia 4500
005
20251222141945.0
008
251222s9999||||xx |||||||||||||| ||spa||
020
_a
85-7003-014-2
082
_a
869.964/N14
100
_a
Nadaf, Yasmin Jamil
245
0
_a
Diálogo da escrita:
264
_b
Lidador
942
_c
LIB
999
_c
9481
_d
9481